01774nam a22001457a 4500008004100000020001800041082001800059100004800077245002800125260007300153300003300226505123300259650010801492700002801600190329b xxu||||| |||| 00| 0 eng d a9781941332375 a709.04bF363e aFernández Pascual, Daniel y Schwabe, Alon aThe Empire Remains Shop aCity of New YorkbColumbia Books on Architecture and the City c2018 a272 p.bill (col).c25,8 cm. tForewordrElizabeth A. PovinellitUnmarketing The BoardtThe Forest Does Not Employ Me AnymorerWith Forager CollectivetBanning Taste: Boycotts, Identity, And ResistancerElisabetta Brighi, Laleh Khalili, Nitasha Kaul, and Daniel ConwaytBananormativity, Transplants, and The Genetically ErodedtSugar, Slaves anda SodomitesrRichie MaitlandtSynthetic Blood on Leopard SkinrRevital Cohen and Tuur van BalentSpeculations on DisappearancetCarbolonialism: The Financialization of ForestsrHarry KeenetCommercial Extinction: The Exhaustion of Exhaustion rFraudtClimavore: Under the Sea There is a HoletBuy the Rumor, Sell the NewsrAsunción MolinostTilling Rab Lands in a Post-Plantantion Economy: A Conversation on Caribbean SoilrAnalee Davis tThe "Next 'Invasive' is 'Native'": A Performance Lecture for Two VoicestDevaluing Property Real State Agency tWhat Spatters and Stains rJesse Connuck tToday We Are Green tFugitive Remains: Soil, Celluloid, and Resistant CollectivitiesrRos Gray et all. tMidnight Masala: Border-Fluid Toilet Cruising rWith a performance by Shahmen Suku/Radha La BiatAn Old World in a Former New WorldtFranchise the Empire Remains ShoptAcknowledgmentstContributorstImage Sources 2Arte contemporáneovArte - instalacionensxArte - exhibiciones xArte - consumoxArte - imperialismo aConnuck, Jesse (Editor)